header

Biomechanics, Neurorehabilitation, Mechanical Engineering, Manufacturing Systems, Robotics and Aerospace : (Record no. 131470)

MARC details
000 -LEADER
fixed length control field 02014nam a22003851i 4500
001 - CONTROL NUMBER
control field ebr10778035
003 - CONTROL NUMBER IDENTIFIER
control field CaPaEBR
006 - FIXED-LENGTH DATA ELEMENTS--ADDITIONAL MATERIAL CHARACTERISTICS--GENERAL INFORMATION
fixed length control field m o d
007 - PHYSICAL DESCRIPTION FIXED FIELD--GENERAL INFORMATION
fixed length control field cr cn|||||||||
008 - FIXED-LENGTH DATA ELEMENTS--GENERAL INFORMATION
fixed length control field 131104s2013 sz a ob 101 0 eng d
020 ## - INTERNATIONAL STANDARD BOOK NUMBER
Cancelled/invalid ISBN 9783037855546
International Standard Book Number 9783038139355 (e-book)
040 ## - CATALOGING SOURCE
Original cataloging agency CaPaEBR
Language of cataloging eng
Description conventions rda
-- pn
Transcribing agency CaPaEBR
035 ## - SYSTEM CONTROL NUMBER
System control number (OCoLC)868961630
050 14 - LIBRARY OF CONGRESS CALL NUMBER
Classification number TL1097
Item number .B56 2012eb
245 00 - TITLE STATEMENT
Title Biomechanics, Neurorehabilitation, Mechanical Engineering, Manufacturing Systems, Robotics and Aerospace :
Remainder of title selected, peer reviewed papers from the 3th (sic) International Conference on Biomechanics, Neurorehabilitation, Mechanical Engineering, Manufacturing Systems, Robotics and Aerospace, October 26-28, 2012, Bucharest, Romania /
Statement of responsibility, etc edited by Adrian Olaru.
264 #1 - PRODUCTION, PUBLICATION, DISTRIBUTION, MANUFACTURE, AND COPYRIGHT NOTICE
Place of production, publication, distribution, manufacture Stafa-Zurich ;
-- Enfield, NH :
Name of producer, publisher, distributor, manufacturer Trans Tech Publications,
Date of production, publication, distribution, manufacture, or copyright notice [2013]
Date of production, publication, distribution, manufacture, or copyright notice �2013
300 ## - PHYSICAL DESCRIPTION
Extent 1 online resource (358 pages) :
Other physical details illustrations.
336 ## - CONTENT TYPE
Content type term text
Source rdacontent
337 ## - MEDIA TYPE
Media type term computer
Source rdamedia
338 ## - CARRIER TYPE
Carrier type term online resource
Source rdacarrier
440 #0 - SERIES STATEMENT/ADDED ENTRY--TITLE
Title Applied mechanics and materials ;
Volume number/sequential designation v. 245
504 ## - BIBLIOGRAPHY, ETC. NOTE
Bibliography, etc Includes bibliographical references and indexes.
588 ## - SOURCE OF DESCRIPTION NOTE
Source of description note Description based on online resource; title from PDF title page (ebrary, viewed November 4, 2013).
590 ## - LOCAL NOTE (RLIN)
Local note Electronic reproduction. Palo Alto, Calif. : ebrary, 2013. Available via World Wide Web. Access may be limited to ebrary affiliated libraries.
650 #0 - SUBJECT ADDED ENTRY--TOPICAL TERM
Topical term or geographic name as entry element Aerospace engineering
Form subdivision Congresses.
Topical term or geographic name as entry element Space robotics
Form subdivision Congresses.
Topical term or geographic name as entry element Intelligent control systems
Form subdivision Congresses.
655 #0 - INDEX TERM--GENRE/FORM
Genre/form data or focus term Electronic books.
700 1# - ADDED ENTRY--PERSONAL NAME
Personal name Olaru, Adrian.
711 2# - ADDED ENTRY--MEETING NAME
Meeting name or jurisdiction name as entry element International Conference on Biomechanics, Neurorehabilitation, Mechanical Engineering, Manufacturing Systems, Robotics and Aerospace
Number of part/section/meeting (3rd :
Date of meeting 2012 :
Location of meeting Bucharest, Romania)
797 2# - LOCAL ADDED ENTRY--CORPORATE NAME (RLIN)
Corporate name or jurisdiction name as entry element ebrary.
856 40 - ELECTRONIC LOCATION AND ACCESS
Uniform Resource Identifier <a href="http://site.ebrary.com/lib/rucke/Doc?id=10778035">http://site.ebrary.com/lib/rucke/Doc?id=10778035</a>
Public note An electronic book accessible through the World Wide Web; click to view

No items available.

© 2026 Rongo University
Contact us: librarian | system librarian | Rongo university